00870naa#a2200181#i#4500001001600000005001700016011001400033100004100047102000700088200021900095210020500314215001000519608004500529675003200574700002600606700002600632856003000658RU\\bibl\11878520260511072128.1##a1994-4683##a20230428b2023####ek#y0rusy0150####ca##aRU1#aК ВОПРОСУ О ПСИХОЛОГИЧЕСКОЙ ГОТОВНОСТИ ПЕДАГОГА К ДЕЯТЕЛЬНОСТИ В ЦИФРОВОЙ ОБРАЗОВАТЕЛЬНОЙ СРЕДЕeЖурнальная статья1#aМоскваcНациональный государственный Университет физической культуры, спорта и здоровья им. П.Ф. Лесгафтаd2023##a4 с.##aЖурнальная статья2local##aПсихология. 159.9#1aДжашеевgТ И#1aУрусоваgА М4#auchzapiski.lesgaft.spb.ru